00472nam a2200193 a 4500001001300000003000900013005001700022008004100039020000800080082001800088100002100106245002000127260003400147300000800181500003500189505001000224650002300234700002100257nice12345678IN_TiNIC20260116011307.0050524s1958 boma grp 000 0 eng  ac000a297.1227bHUS aHusain, Ashfaque aSpirit of Islam aBombaybAsia Pub. Housec1958 a76p aincludes index and biblioraphy2 aIndex aQuran-Hermeneutics1 aHusain, Ashfaque